| 000 | 00509nam a2200157 a 4500 | ||
|---|---|---|---|
| 001 | 000039894 | ||
| 005 | 20201002033808.0 | ||
| 008 | 130726s2013 dr 000 0 spa d | ||
| 020 | _a9789945007800 | ||
| 040 |
_aDO-SdBNP _bspa _cBNPHU |
||
| 100 | 1 |
_aRosario, Cipriano _966104 |
|
| 245 | 1 | 0 |
_aCuando el amor llega a los cuarenta / _cCipriano Rosario. |
| 260 |
_aSanto Domingo : _bEdiciones ddi, _c2013. |
||
| 300 |
_a165 p. ; _c23 cm. |
||
| 500 | _aIncluye datos biográficos del autor en la solapa de la cubierta | ||
| 999 |
_c39384 _d39384 |
||